Derecho de familia
সংরক্ষণ করুন:
| প্রধান লেখক: | |
|---|---|
| বিন্যাস: | গ্রন্থ |
| ভাষা: | স্প্যানিশ |
| প্রকাশিত: |
Buenos Aires
Abeledo-Perrot
1994
|
| সংস্করন: | 1a. ed |
| মালা: | Reformas al Código Civil, 16
|
| বিষয়গুলি: | |
| ট্যাগগুলো: |
ট্যাগ যুক্ত করুন
কোনো ট্যাগ নেই, প্রথমজন হিসাবে ট্যাগ করুন!
|
MARC
| LEADER | 00000cam a2200000 a 4500 | ||
|---|---|---|---|
| 001 | UCD4048 | ||
| 003 | CL-VaPUC | ||
| 008 | 160623e19940518ag |||||||||||||||||spa|d | ||
| 020 | |a 9502008029 | ||
| 082 | 0 | 4 | |a 346.015 |b MEN |2 21 |
| 100 | |a Méndez Costa, María Josefa |e autora |9 587676 | ||
| 245 | 1 | 0 | |a Derecho de familia |
| 250 | |a 1a. ed | ||
| 300 | |a 246 p | ||
| 942 | |c BK | ||
| 945 | |d 20160623 20:48:00 |a arojas | ||
| 260 | |a Buenos Aires |b Abeledo-Perrot |c 1994 | ||
| 650 | 0 | |a Derecho de familia |9 255603 | |
| 650 | 0 | |a Derecho civil |9 255013 | |
| 650 | 0 | |a Código civil |9 256135 | |
| 583 | |a last modification |c 20160705 02:40:15 |k Rodrigo Vera | ||
| 490 | 0 | |a Reformas al Código Civil, 16 | |
| 999 | |c 365021 |d 365019 | ||
| 952 | |0 0 |1 0 |3 erd |4 0 |6 346_015000000000000_MEN_1994 |7 0 |8 A |9 478713 |a BIBDER |b BIBDER |i 5313562 |o 346.015 MEN 1994 |p 5313562 |r 2023-01-25 |w 2019-11-24 |y BK |z Catalogado en:20160623 |k DER | ||